00448 2200169 4500001002100000008004100021035002000062245003900082100001800121260004700139300001300186020002200199084001400221082000800235650001600243990001900259INLIS000000000002220 ind  a0010-0724002220 a11 Hari Di Buan MeicJ.D Messinger aJ.D Messinger aJakarta :bPT Gramedia Pustaka Utamac2013 a210 hlm. a978-979-22-9778-2 a261 MES s a261 aAGAMA ISLAM aP29/CP/24/2220